| 000 | 01215nas a2200313 4500 | ||
|---|---|---|---|
| 001 | BR2011007240 | ||
| 003 | BR-BrBNA | ||
| 005 | 20231205115748.0 | ||
| 007 | ta | ||
| 008 | 230509b bl.|||p| |||| 00| 00por d | ||
| 040 |
_aBR-BrBNA _bpor _cBiblioteca Nacional de Agricultura |
||
| 041 | _a(Pt) | ||
| 072 | _aL70; L74 | ||
| 100 | 1 | _aAssis, M.M.Q. | |
| 100 | 1 | _aSavoldi, T.L. | |
| 100 | 1 | _aConti, J.B. de | |
| 100 | 1 | _aGiovanelli, D.F. | |
| 100 | 1 | _aPachaly, J.R. | |
| 245 | 1 | _aTratamento de fratura de escápula com luxação da articulação escápulo-umeral em um cão por meio de cerclagem e transposição do tendão do músculo bíceps braquial - Relato de caso | |
| 246 | 1 | _aTreatment of scapular fracture with luxation of the scapulo-humeral joint by cerclage and transposition of the brachial biceps tendon - Case report | |
| 650 | _aCÃO | ||
| 650 | _aOSSO | ||
| 650 | _aFRATURA | ||
| 650 | _aCIRURGIA | ||
| 650 | _aTRATAMENTO | ||
| 773 | 0 |
_tMEDVEP. Revista Científica de Medicina Veterinária. Pequenos Animais e Animais de Estimação (Brazil) _xISSN 1678-1430 _g(Apr-Jun 2010), v. 8(25) p. 310-313 _wBR2011007240 |
|
| 909 |
_a202311 _bLúcia _c55 _dLúcia Elande |
||
| 942 |
_2AGRIS _n0 _cANA |
||
| 999 |
_c215571 _d215571 |
||